New standard Japanese - English dictionary
Đã lưu trong:
| Định dạng: | Sách |
|---|---|
| Ngôn ngữ: | Undetermined |
| Được phát hành: |
Japan
Taishukan
1964
|
| Những chủ đề: | |
| Các nhãn: |
Thêm thẻ
Không có thẻ, Là người đầu tiên thẻ bản ghi này!
|
| Thư viện lưu trữ: | Trung tâm Học liệu Trường Đại học Cần Thơ |
|---|
| LEADER | 00517nam a2200181Ia 4500 | ||
|---|---|---|---|
| 001 | CTU_104803 | ||
| 008 | 210402s9999 xx 000 0 und d | ||
| 082 | |a 495.6321 | ||
| 082 | |b N532 | ||
| 245 | 0 | |a New standard Japanese - English dictionary | |
| 260 | |a Japan | ||
| 260 | |b Taishukan | ||
| 260 | |c 1964 | ||
| 650 | |a Japanese language,Tiếng Nhật | ||
| 650 | |x Dictionaries,Từ điển | ||
| 650 | |z English,Tiếng Anh | ||
| 904 | |i Minh | ||
| 980 | |a Trung tâm Học liệu Trường Đại học Cần Thơ | ||